01005nam a22001577a 4500008004100000020002900041050002100070100002100091245008700112260004500199300003700244505047200281650003000753650003700783650002700820120502t xxu||||| |||| 00| 0 eng d a047105318X 9780471053187 aHE6239.E54 S36  aSchneier, Bruce. aE-mail security : how to keep your electronic messages private. /cBruce Schneier. aNew York : b John Wiley & Sons,c 1995. axii, 365 p. :b ill. ; c 24 cm. aContents: Part 1: Privacy and electronic mail -- The Problem -- Encription -- Key management -- Authentication -- Certificates -- Keeping your private key private -- Odds and ends -- Patents, governments, and export laws -- Achieving electronic -mail privacy -- Reqiurements and features -- Privacy enhanced mail -- Pretty good privacy -- Comparing PGP and PEM -- Attacks against PGP AND PEM -- Appendix A: Pretty good privacy -- Appendix B: Privacy enhanced mail.  aElectronic mail systems.  aComputer networks and techniques aComputers x Security